|
|
|
|
| LEADER |
00000cam a22000002c 4500 |
| 001 |
1840060700 |
| 003 |
DE-627 |
| 005 |
20260417204242.0 |
| 007 |
cr uuu---uuuuu |
| 008 |
230324s2000 xx |||||o 00| ||eng c |
| 024 |
7 |
|
|a 10.3886/ICPSR03000.v1
|2 doi
|
| 035 |
|
|
|a (DE-627)1840060700
|
| 035 |
|
|
|a (DE-599)KXP1840060700
|
| 040 |
|
|
|a DE-627
|b ger
|c DE-627
|e rda
|
| 041 |
|
|
|a eng
|
| 084 |
|
|
|a 2,1
|2 ssgn
|
| 100 |
1 |
|
|a Fox, James Alan
|e VerfasserIn
|4 aut
|
| 245 |
1 |
0 |
|a Uniform Crime Reports (United States): Supplementary Homicide Reports, 1976-1998
|
| 264 |
|
1 |
|a [Erscheinungsort nicht ermittelbar]
|b [Verlag nicht ermittelbar]
|c 2000
|
| 336 |
|
|
|a Text
|b txt
|2 rdacontent
|
| 337 |
|
|
|a Computermedien
|b c
|2 rdamedia
|
| 338 |
|
|
|a Online-Ressource
|b cr
|2 rdacarrier
|
| 520 |
|
|
|a These data provide incident-level information on criminal homicides including location, circumstances, and method of offense, as well as demographic characteristics of victims and perpetrators and the relationship between the two. The data were provided monthly to the Federal Bureau of Investigation (FBI) by local law enforcement agencies participating in the FBI's Uniform Crime Reporting Program.
|
| 540 |
|
|
|a ICPSR Terms of Use
|
| 650 |
0 |
7 |
|0 (DE-588)4040235-6
|0 (DE-627)106224611
|0 (DE-576)209038853
|a Mord
|2 gnd
|
| 650 |
|
4 |
|a Uniform Crime Reports
|
| 650 |
|
4 |
|a Arrests
|
| 650 |
|
4 |
|a Crime rates
|
| 650 |
|
4 |
|a Crime reporting
|
| 650 |
|
4 |
|a Crime Statistics
|
| 650 |
|
4 |
|a Homicide
|
| 650 |
|
4 |
|a Law Enforcement
|
| 650 |
|
4 |
|a Offenders
|
| 650 |
|
4 |
|a Offenses
|
| 650 |
|
4 |
|a Victims
|
| 651 |
|
7 |
|0 (DE-588)4078704-7
|0 (DE-627)106076612
|0 (DE-576)209209682
|a Usa
|2 gnd
|
| 655 |
|
7 |
|a Forschungsdaten
|y 1976-1998
|0 (DE-588)1098579690
|0 (DE-627)857755366
|0 (DE-576)469182156
|2 gnd-content
|
| 787 |
0 |
8 |
|i Forschungsdaten zu
|a Cook, Philip J., 1946 -
|t After the Epidemic: Recent Trends in Youth Violence in the United States
|d National Bureau of Economic Research, 2001
|w (DE-627)1912452251
|
| 787 |
0 |
8 |
|i Forschungsdaten zu
|a Maxfield, Michael G.
|t Circumstances in Supplementary Homicide Reports: Variety and Validity
|d 1989
|w (DE-627)1912479753
|
| 787 |
0 |
8 |
|i Forschungsdaten zu
|a Lee, Matthew R.
|t Civic participation, regional subcultures and violence: The differential effects of secular and religious participation on adult and juvenile homicide
|d 2004
|w (DE-627)1912480468
|
| 787 |
0 |
8 |
|i Forschungsdaten zu
|a Witte, Gretchen Elizabeth
|t A Comparative Analysis of Serial Homicide and Single Homicide Event Characteristics
|d [Erscheinungsort nicht ermittelbar] : MCP Hahnemann University, 2001
|w (DE-627)1912485974
|
| 787 |
0 |
8 |
|i Forschungsdaten zu
|a Lyman, Jacquelyn M.
|t A comparison of three sources of data on child homicide
|d 2004
|w (DE-627)1912487764
|
| 787 |
0 |
8 |
|i Forschungsdaten zu
|a Chaiken, Jan M.
|t Crunching Numbers: Crime and Incarceration at the End of the Millenium
|d 2000
|w (DE-627)1912503565
|
| 787 |
0 |
8 |
|i Forschungsdaten zu
|a Weisheit, Ralph A.
|t Deadly violence in the heartland: Comparing homicide patters in nonmetropolitan and metropolitan counties
|d 2005
|w (DE-627)1912505568
|
| 787 |
0 |
8 |
|i Forschungsdaten zu
|a Shon, Phillip C. H.
|t Declining trends in U.S. parricides, 1976-1998: Testing the Freudian assumptions
|d 2003
|w (DE-627)191250667X
|
| 787 |
0 |
8 |
|i Forschungsdaten zu
|a Fox, James A.
|t Demographics and U.S. homicide
|d Cambridge University Press, 2006
|w (DE-627)1912508567
|
| 787 |
0 |
8 |
|i Forschungsdaten zu
|a Miller, Amanda
|t Destruction of Forensic Evidence Caused by Blue-on-Blue Shootings
|d [Erscheinungsort nicht ermittelbar] : Texas Tech University, 2013
|w (DE-627)1912509776
|
| 787 |
0 |
8 |
|i Forschungsdaten zu
|a Malani, Anup
|t Does the Felony-Murder Rule Deter? Evidence from FBI Crime Data
|d [Erscheinungsort nicht ermittelbar] : [Verlag nicht ermittelbar], 2007
|w (DE-627)1912518244
|
| 787 |
0 |
8 |
|i Forschungsdaten zu
|a Cook, Philip J., 1946 -
|t The epidemic in youth violence
|d University of Chicago Press, 1998
|w (DE-627)1912536900
|
| 787 |
0 |
8 |
|i Forschungsdaten zu
|a Kennedy, Briohny
|t Epidemiology of homicide in community-dwelling older adults: A systematic review and meta-analysis
|d 2021
|w (DE-627)1912537788
|
| 787 |
0 |
8 |
|i Forschungsdaten zu
|a Joyce, Theodore J.
|t Further tests of abortion and crime: A response to Donohue and Levitt (2001, 2004, 2006)
|d National Bureau of Economic Research, 2006
|w (DE-627)1912563355
|
| 787 |
0 |
8 |
|i Forschungsdaten zu
|a Rotton, James
|t Global warming and U. S. crime rates: An application of routine activity theory
|d 2003
|w (DE-627)1912568365
|
| 787 |
0 |
8 |
|i Forschungsdaten zu
|a Stubblefield, Angelique M.
|t Healthcare Utilization and Risk for Intentional Injury Death Among Ohio Children Enrolled in Medicaid, 1992-1998
|d [Erscheinungsort nicht ermittelbar] : Case Western University, 2006
|w (DE-627)1912571757
|
| 787 |
0 |
8 |
|i Forschungsdaten zu
|a Chu, Lawrence Dalpon
|t Homicide and factors that determine fatality from assault in the elderly population
|d [Erscheinungsort nicht ermittelbar] : University of California, Los Angeles, 2001
|w (DE-627)1912575310
|
| 787 |
0 |
8 |
|i Forschungsdaten zu
|a Zawitz, Marianne W.
|t Homicide Trends in the United States: 1998 Update
|d [Erscheinungsort nicht ermittelbar] : United States Department of Justice, Bureau of Justice Statistics, 2000
|w (DE-627)1912575965
|
| 787 |
0 |
8 |
|i Forschungsdaten zu
|a Knudsen, Courtney
|t Illegal Drug Markets and Juvenile Homicide: A Test of the Blumstein Hypothesis
|d [Erscheinungsort nicht ermittelbar] : Southern Sociological Society, 2002
|w (DE-627)1912580330
|
| 787 |
0 |
8 |
|i Forschungsdaten zu
|a Caceres-Delpiano, Julio
|t The Impact of Unilateral Divorce on Crime
|d Institute on Labor Economics, 2008
|w (DE-627)1912585332
|
| 787 |
0 |
8 |
|i Forschungsdaten zu
|a Holewinski, Ingrid A.
|t 'Inherently arbitrary and capricious': An empirical analysis of variations among state death penalty statutes
|d 2002
|w (DE-627)1912591944
|
| 787 |
0 |
8 |
|i Forschungsdaten zu
|a Lee, Matthew R.
|t Institutional access, residential segregation, and urban Black homicide
|d 2005
|w (DE-627)191259322X
|
| 787 |
0 |
8 |
|i Forschungsdaten zu
|a Rennison, Callie Marie
|t Intimate Partner Violence
|d [Erscheinungsort nicht ermittelbar] : United States Department of Justice, Bureau of Justice Statistics, 2000
|w (DE-627)1912596415
|
| 787 |
0 |
8 |
|i Forschungsdaten zu
|a Lee, Matthew R.
|t Love thy neighbor? Moral communities, civic engagement, and juvenile homicide in rural areas
|d 2004
|w (DE-627)1912613921
|
| 787 |
0 |
8 |
|i Forschungsdaten zu
|a Fox, James Alan, 1951 -
|t Multiple Imputation of the Supplementary Homicide Reports, 1976-2005
|d 2009
|w (DE-627)1764279859
|
| 787 |
0 |
8 |
|i Forschungsdaten zu
|a Perrone, Paul A.
|t Murder in Hawaii, 1992-1997
|d [Erscheinungsort nicht ermittelbar] : Hawaii Department of the Attorney General, Crime Prevention and Justice Assistance Division, 1998
|w (DE-627)1912628740
|
| 787 |
0 |
8 |
|i Forschungsdaten zu
|a Brown, Jodi M.
|t Policing and Homicide, 1976-98: Justifiable Homicide of Felons by Police and Murder of Police by Felons
|d [Erscheinungsort nicht ermittelbar] : United States Department of Justice, Bureau of Justice Statistics, 2001
|w (DE-627)191265427X
|
| 787 |
0 |
8 |
|i Forschungsdaten zu
|a Smith, Brad W.
|t Structural and organizational predictors of homicide by police
|d 2004
|w (DE-627)1912714175
|
| 787 |
0 |
8 |
|i Forschungsdaten zu
|a Ekland-Olson, Sheldon, 1944 -
|t Structured Discretion, Racial Bias, and the Death Penalty: The First Decade After Furman in Texas
|d 1988
|w (DE-627)1912714841
|
| 787 |
0 |
8 |
|i Forschungsdaten zu
|a Miethe, Terance D., 1953 -
|t Taking on the Unknown: A Qualitative Comparative Analysis of Unknown Relationship Homicides
|d 2003
|w (DE-627)1866593005
|
| 787 |
0 |
8 |
|i Forschungsdaten zu
|a Martin, Susan E.
|t Trends in alcohol use, cocaine use, and crime: 1989-1998
|d 2004
|w (DE-627)1912728850
|
| 787 |
0 |
8 |
|i Forschungsdaten zu
|a Duhart, Detis T.
|t Urban, Suburban, and Rural Victimization, 1993-98
|d [Erscheinungsort nicht ermittelbar] : United States Department of Justice, Bureau of Justice Statistics, 2000
|w (DE-627)1912736918
|
| 856 |
4 |
0 |
|u https://doi.org/10.3886/ICPSR03000.v1
|x Resolving-System
|z kostenfrei
|3 Volltext
|7 0
|
| 935 |
|
|
|a mkri
|
| 951 |
|
|
|a BO
|
| ELC |
|
|
|a 1
|
| LOK |
|
|
|0 000 xxxxxcx a22 zn 4500
|
| LOK |
|
|
|0 001 4296808338
|
| LOK |
|
|
|0 003 DE-627
|
| LOK |
|
|
|0 004 1840060700
|
| LOK |
|
|
|0 005 20230324125306
|
| LOK |
|
|
|0 008 230324||||||||||||||||ger|||||||
|
| LOK |
|
|
|0 035
|a (DE-2619)ICPSR3000
|
| LOK |
|
|
|0 040
|a DE-2619
|c DE-627
|d DE-2619
|
| LOK |
|
|
|0 092
|o n
|
| LOK |
|
|
|0 852
|a DE-2619
|
| LOK |
|
|
|0 852 1
|9 00
|
| LOK |
|
|
|0 935
|a foda
|a nacj
|
| LOK |
|
|
|0 939
|a 2023-03-24
|b l01
|
| OAS |
|
|
|a 1
|
| ORI |
|
|
|a WA-MARC-krimdoka001.raw
|
| TIM |
|
|
|a 100019760101_100019981231
|b 1976 - 1998
|